<?xml version="1.0" encoding="UTF-8"?>
<marc:record xmlns:marc="http://www.loc.gov/MARC21/slim">
   <marc:leader>00000nam a2200000 a 4500</marc:leader>
   <marc:datafield ind1="1" ind2=" " tag="100">
      <marc:subfield code="a">McCarthy, Tom</marc:subfield>
      <marc:subfield code="4">aut</marc:subfield>
      <marc:subfield code="e">Verfasser/-in</marc:subfield>
   </marc:datafield>
   <marc:datafield ind1="1" ind2=" " tag="100">
      <marc:subfield code="a">McGregor, Ewan</marc:subfield>
   </marc:datafield>
   <marc:datafield ind1="1" ind2=" " tag="100">
      <marc:subfield code="a">Forster, Marc</marc:subfield>
   </marc:datafield>
   <marc:datafield ind1="0" ind2="0" tag="245">
      <marc:subfield code="a">Christopher Robin</marc:subfield>
   </marc:datafield>
   <marc:datafield ind1="0" ind2="0" tag="245">
      <marc:subfield code="c">Tom McCarthy</marc:subfield>
   </marc:datafield>
   <marc:datafield ind1=" " ind2="1" tag="264">
      <marc:subfield code="a">München</marc:subfield>
      <marc:subfield code="b">Walt Disney Studios Home Entertainment</marc:subfield>
      <marc:subfield code="c">2019</marc:subfield>
   </marc:datafield>
   <marc:datafield ind1="1" ind2=" " tag="520">
      <marc:subfield code="a">Christopher Robin, der Junge, der einst mit seinen Freunden aus dem Hundertmorgenwald die größten Abenteuer erlebte, ist erwachsen geworden. Überarbeitet, unterbezahlt und perspektivlos steckt er in seinem Leben fest: Der Job ist wichtiger als die Familie, mit der er nur wenig Zeit verbringt. Kaum noch erinnert er sich an seine idyllische Kindheit, die er mit Winnie Puuh und seinen Freunden verbrachte. Eines Tages taucht der Honig liebende und etwas in die Jahre gekommene Bär in London auf und erinnert Christopher Robin mit seinen schlichten aber wahren Weisheiten daran, wie schön die scheinbar endlosen Tage als kleiner Junge waren. Als Christopher Robin in Schwierigkeiten gerät verlässt auch der Rest der Gang um Ferkel, I-Aah und Tigger den geliebten Wald und bricht auf zu einem großen Abenteuer, um Winnie Puuh und Christopher Robin zu helfen. Denn beste Freunde sind schließlich immer füreinander da!</marc:subfield>
   </marc:datafield>
   <marc:datafield ind1=" " ind2=" " tag="041">
      <marc:subfield code="a">ger</marc:subfield>
   </marc:datafield>
   <marc:datafield ind1=" " ind2=" " tag="300">
      <marc:subfield code="a">100 min</marc:subfield>
   </marc:datafield>
</marc:record>
